Score 0/26 Timer 03:00
0 Plays Today
Hint Answer % Correct
Catherine the ____Great
95.8%
Wolfgang Amadeus ____Mozart
94.7%
Declaration of ____, 1776Independence
93.8%
Seven ____ WarYears'
90.4%
____ Revolution, 1789-99French
86.5%
____ Sense, Thomas PaineCommon
84.9%
Reign of ____, 1793-94Terror
81.1%
John Paul ____Jones
71.8%
Immanuel ____, Critique of Pure ReasonKant
63%
Marquis de ____Sade
62.4%
The ____ of Nations, Adam SmithWealth
61.2%
____, philosophe & author of CandideVoltaire
59.5%
____ DynastyQing
44.4%
Hint Answer % Correct
Treaty of ____, 1713Utrecht
34.4%
War of Jenkins' ____, 1739-48Ear
28.2%
____ Revolution, 1791-1804Haitian
25.4%
Pugachev's ____, 1773-75Rebellion
20.6%
Toussaint ____Louverture
16.2%
South Sea ____, 1720Bubble
15.1%
Denis ____Diderot
14%
Túpac ____ IIAmaru
12.4%
First ____ War, 1779-81Xhosa
6.1%
____ de GougesOlympe
5.8%
____'s War, 1763-66Pontiac
2.9%
Karim Khan ____Zand
2.4%
____ ShahNader
2.3%

Today's Daily Dose

Remove Ads.
Support Sporcle.
Get the best of Sporcle when you Go Orange. This ad-free experience offers more features, more stats, and more fun while also helping to support Sporcle. Thank you for becoming a member.

You're not logged in!

Compare scores with friends on all Sporcle quizzes.
OR
Log In

Show Comments

Extras

Top Quizzes Today


Score Distribution

Your Account Isn't Verified!

In order to create a playlist on Sporcle, you need to verify the email address you used during registration. Go to your Sporcle Settings to finish the process.

Report this User

Report this user for behavior that violates our Community Guidelines.

Details: